| 000 | 00547cam a2200229 4500 | ||
|---|---|---|---|
| 001 | B3275 | ||
| 008 | 090401t1989 xxu||||| |||| 00| 0 eng d | ||
| 035 | _a(Sirsi) u55048 | ||
| 041 | _aeng | ||
| 050 | _a336.2109421 | ||
| 110 | _aBaker Harris Saunders | ||
| 245 | _aRates 1990: City and West End | ||
| 260 |
_aLondon _bBaker Harris Saunders _c1989 |
||
| 300 | _a11,6p. ; 30cm. | ||
| 350 | _a0 | ||
| 650 | _aCITY OF LONDON | ||
| 650 | _aOFFICES | ||
| 650 | _aRATES | ||
| 650 | _aWEST END OF LONDON | ||
| 942 | _n0 | ||
| 948 | _c04/03/1997 | ||
| 999 |
_c93547 _d93547 |
||